Statistics for Countries Bordering the Four Color Seas

Click here to take the quiz!

General Stats

  • This quiz has been taken 628 times
    (604 since last reset)
  • The average score is 14 of 17

Answer Stats

Country% Correct
Egypt
93%
Russia
93%
Saudi Arabia
91%
Turkey
88%
China
86%
Ukraine
86%
Yemen
83%
Israel
82%
Bulgaria
79%
Romania
79%
Djibouti
78%
Eritrea
78%
Georgia
73%
Sudan
73%
Jordan
72%
South Korea
68%
North Korea
64%

Score Distribution

Percentile by Number Answered

Percent of People with Each Score

Your Score History

You have not taken this quiz since the last reset